ბათუმის შოთა რუსთაველის სახელმწიფო უნივერსიტეტის ბიბლიოთეკა

Problems in analytic geometry (ბიბ.ჩანაწერი № 50516)

000 -LEADER
fixed length control field 00959cam a2200277 4500
001 - CONTROL NUMBER
control field 3148387
005 - DATE AND TIME OF LATEST TRANSACTION
control field 20200207135822.0
008 - FIXED-LENGTH DATA ELEMENTS--GENERAL INFORMATION
fixed length control field 710121s2002 ru a 000 0 eng
010 ## - LIBRARY OF CONGRESS CONTROL NUMBER
LC control number 73533986
015 ## - NATIONAL BIBLIOGRAPHY NUMBER
National bibliography number USSR***
040 ## - CATALOGING SOURCE
Original cataloging agency DLC
Transcribing agency DLC
Modifying agency DLC
041 1# - LANGUAGE CODE
Language code of text/sound track or separate title engrus
050 00 - LIBRARY OF CONGRESS CALL NUMBER
Classification number QA555
Item number .K513 1969
080 ## - UNIVERSAL DECIMAL CLASSIFICATION NUMBER
Universal Decimal Classification number 514.12 K-55
082 00 - DEWEY DECIMAL CLASSIFICATION NUMBER
Classification number 516.9
100 1# - MAIN ENTRY--PERSONAL NAME
Personal name Kletenik, D. V.
Fuller form of name (David Viktorovich)
9 (RLIN) 6877
240 00 - UNIFORM TITLE
Uniform title Sbornik zadach po analiticheskoĭ geometrii. English
245 10 - TITLE STATEMENT
Title Problems in analytic geometry
Statement of responsibility, etc. [by] D. Kletenik; edited by N. Yefimov, translated from the Russian by O. Soroka.
260 ## - PUBLICATION, DISTRIBUTION, ETC.
Place of publication, distribution, etc. Moscow,
Name of publisher, distributor, etc. Mir Publishers,
Date of publication, distribution, etc. 2002
300 ## - PHYSICAL DESCRIPTION
Extent 298 p.
Other physical details illus.
Dimensions 21 cm.
500 ## - GENERAL NOTE
General note Translation of Sbornik zadach po analiticheskoĭ geometrii.
650 #0 - SUBJECT ADDED ENTRY--TOPICAL TERM
Topical term or geographic name entry element Geometry, Analytic
Form subdivision Problems, exercises, etc.
9 (RLIN) 6878
653 ## - INDEX TERM--UNCONTROLLED
keyword გეომეტრია
906 ## - LOCAL DATA ELEMENT F, LDF (RLIN)
a 7
b cbc
c orignew
d 4
e ncip
f 19
g y-gencatlg
942 ## - ADDED ENTRY ELEMENTS (KOHA)
Source of classification or shelving scheme
Koha item type წიგნი
ეგზემპლარები
Withdrawn status Lost status Source of classification or shelving scheme Damaged status Not for loan Permanent Location Current Location Shelving location Date acquired Cost, normal purchase price Full call number Barcode Date last seen Copy number Price effective from Koha item type Public note
          ბათუმის შოთა რუსთაველის სახელმწიფო უნივერსიტეტის მთავარი ბიბლიოთეკა ბათუმის შოთა რუსთაველის სახელმწიფო უნივერსიტეტის მთავარი ბიბლიოთეკა წიგნსაცავი 2018-12-17 120.00 514.12 K-55 632 2018-12-17 632 2018-12-17 წიგნი 120 ლ.
          ბათუმის შოთა რუსთაველის სახელმწიფო უნივერსიტეტის მთავარი ბიბლიოთეკა ბათუმის შოთა რუსთაველის სახელმწიფო უნივერსიტეტის მთავარი ბიბლიოთეკა წიგნსაცავი 2018-12-17 120.00 514.12 K-55 631 2018-12-17 631 2018-12-17 წიგნი 120 ლ.